| 000 -LEADER |
| fixed length control field |
00570nam a22001937a 4500 |
| 008 - FIXED-LENGTH DATA ELEMENTS--GENERAL INFORMATION |
| fixed length control field |
150601b xxu||||| |||| 00| 0 eng d |
| 020 ## - INTERNATIONAL STANDARD BOOK NUMBER |
| International Standard Book Number |
0065010043 |
| 041 0# - LANGUAGE CODE |
| Language code of text/sound track or separate title |
eng |
| 080 ## - UNIVERSAL DECIMAL CLASSIFICATION NUMBER |
| Universal Decimal Classification number |
336 |
| 100 1# - Rafti |
| Rafti |
Chambers, Donald R. |
| 245 10 - TITLE STATEMENT |
| Title |
Modern corporate finance : |
| Statement of responsibility, etc |
Donald R. Chambers, Nelson J. Lacey. |
| 260 ## - |
| -- |
New York, NY : |
| -- |
HarperCollins College Publishers, |
| -- |
c1994. |
| 300 ## - |
| -- |
640 f. : |
| -- |
me il.; |
| -- |
25 cm. |
| 505 ## - |
| -- |
Index: f.631-640 |
| 650 #0 - |
| -- |
Financa |
| 650 #0 - |
| -- |
Korporatat |
| 700 1# - |
| -- |
Lacey, Nelson J. |
| 942 ## - ADDED ENTRY ELEMENTS (KOHA) |
| Source of classification or shelving scheme |
|
| Item type |
Books |